| 000 | 00878nam a22002415i 4500 | ||
|---|---|---|---|
| 001 | 151733 | ||
| 003 | ES-MaACL | ||
| 005 | 20230906204346.0 | ||
| 008 | 051004s1882 fr | |||||||| ||fre d | ||
| 040 |
_aCAM _bspa _cCAM |
||
| 100 | 1 |
_aBeaune, Henri. _9125878 |
|
| 245 | 1 | 3 |
_aLa condition des persones / _cHenri Beaune. |
| 250 | _aNouvelle éd., rev. et corr. | ||
| 260 |
_aLyon ; _aParis : _bDelhomme et Briguet éditeurs, _c[s.a.] ( _eLyon : _fImp. A. Storck) |
||
| 300 |
_a602 p. ; _c22 cm. |
||
| 490 | 1 |
_aDroit coutumier français / par Henri Beaune ; _v2 |
|
| 596 | _aProbablemente impreso en 1882. | ||
| 650 | 4 |
_aDerecho consuetudinario- _zFrancia. _9135878 |
|
| 752 |
_aFrancia - _dLyon |
||
| 830 | 0 |
_aDroit coutumier français / par Henri Beaune ; _v2 _9187672 |
|
| 852 |
_aES-MaACL _jB-362 _z-- Enc. hol. conservando la cub. original |
||
| 999 |
_c151733 _d151733 |
||